00383nam a2200121Ia 4500008004100000245012200041260001700163260000900180300000800189650002300197650001200220856002900232170516s9999 xx 000 0 und d aMesoporous Magnetic Gold “Nanoclusters” as Theranostic Carrier for Chemo-Photothermal Co-therapy of Breast Cancer bTheranostics c2014 a4:7 xMedical Technology xMedtech uhttp://www.thno.org/v4i7